| 000 | 00434nam a2200157Ia 4500 | ||
|---|---|---|---|
| 005 | 20250509023526.0 | ||
| 008 | 240331s9999 xx 000 0 und d | ||
| 020 | _a9558534269 | ||
| 082 |
_bGUN _a891 |
||
| 100 | _aGunawardena,C | ||
| 245 | 0 | _aAthmaabhimanaya saha athma vishvasaya | |
| 260 |
_aNugegoda _bChamathka Publications _c2005 |
||
| 300 | _a176 p ., | ||
| 500 | _aA Book about Self Motivation and self Confidence | ||
| 942 | _cL | ||
| 999 |
_c5041 _d5041 |
||